| 000 | 00452nam a22001217a 4500 | ||
|---|---|---|---|
| 999 |
_c528835 _d528835 |
||
| 008 | 250127b ||||| |||| 00| 0 eng d | ||
| 100 |
_aMishra, Vivek _950369 |
||
| 245 | _aReturn of ramhog: Did to review and sell the aromatic ingenious paddy variety has led to substantial profits for farmers in Uttar Pradesh’s Terai region | ||
| 260 | _aDown to Earth | ||
| 300 | _a20(15), Dec 16-31, 2024: p.18-20 | ||
| 773 | _aDown to Earth | ||
| 942 | _cAR | ||